| 000 | 00720nam a2200241Ia 4500 | ||
|---|---|---|---|
| 003 | OSt | ||
| 005 | 20220924132120.0 | ||
| 006 | a|||||r|||| 00| 0 | ||
| 007 | ta | ||
| 008 | 220923b |||||||| |||| 00| 0 san d | ||
| 024 | _a13648 | ||
| 037 | _cTextual | ||
| 040 |
_aARTS _cARTS _bsan |
||
| 041 |
_2san _asan |
||
| 082 | _a/\25x2:1, 15L3 | ||
| 100 | _aSandilya | ||
| 245 | 0 | _aBhakti sutra with Sanskrit comm Satasutriya bhasya of Svapnesvara and ed with Hindi comm by Srikrishna Mani Tripathi | |
| 260 | _c1973 | ||
| 490 | _aBhakti manisha sanskrit series ed by Satkari mukhopadyaya; 2 | ||
| 650 | _aSPIRurdALISM | ||
| 942 |
_h/\25x2:1, 15L3 _cTEXL _2CC |
||
| 999 |
_c429307 _d429307 |
||